000 00602nab#a2200193#c#4500
999 _c122319
_d122319
003 IEF
005 20191204133036.0
008 950704s1976 uuu|| #####0 b| |u
040 _aIEF
_cES-MaIEF
100 1 _aLagares Calvo, Manuel Jesús
_924628
245 _aFlores de Lemus y el proyecto de Impuesto sobre las Rentas y Ganancias de 1926
_c Manuel J. Lagares Calvo
260 _c1976
650 4 _aHOMENAJES
_945439
650 4 _aFLORES DE LEMUS, ANTONIO (1876-1941)
_944347
773 0 _tHacienda pública española
_w34570
_g42-43, p. 189-204
942 _2udc
942 _2udc